00693cam a22001933a 450000100060000000300060000600500170001200800410002904000150007004200070008524501730009226000290026550600300029451600200032465300560034470000280040083000290042885600420045738132PGUSA20140828083834.0111125s2011||||xxu|||||s|||||000 | eng d aPGUSAbeng adc12aA Hundred and Sixty Books by Washington Authors :bSome Other Writers Who are Contributors to Periodical Literature, Lines Worth Knowing by Hearth[electronic resource] bProject Gutenberg,c2011 aPublic domain in the USA. aElectronic text aWashington (State) -- In literature -- Bibliography1 aHassell, Susan Whitcomb 0aProject Gutenbergv3813240uhttp://www.gutenberg.org/ebooks/38132